000 00246nam a2200097Ia 4500
001 1215700
005 20250827024556.0
008 250824s9999 xx 000 0 und d
245 0 _aKENDİNİ BULMAK
_cİHSAN FAZLIOĞLU
260 _bKETEBE YAYINEVİ
999 _c1215700
_d1215700